| 000 | 00709nam a2200181Ia 4500 | ||
|---|---|---|---|
| 003 | GCL | ||
| 008 | 140319s9999 xx 000 0 ara d | ||
| 040 |
_aGCL / _cGCL |
||
| 082 | 0 | 4 |
_a398.232 _bع م |
| 100 | 1 | _aعبدالرحمان فيفة | |
| 245 | 1 | 0 |
_aمن اقاصيص بنى هلال?: مجموعة نصوص بالعربية الدارجة التونسية(هدية من الاديب عبدالفتاح الجمل) / _cعبدالرحمان فيفة |
| 700 | 1 | _aالطاهر فيفه (تقديم) | |
| 490 |
_aالهيئة العامة للاستعلامات _v0 |
||
| 650 | 0 | 4 | _aالادب العربى |
| 650 | 0 | 4 | _aالادب الشعبى |
| 650 | 0 | 4 | _aالقصص الشعبية |
| 942 |
_2ddc _cBK |
||
| 999 |
_c47432 _d47432 |
||